LEADER 01113nam0-2200373---450- 001 990000384400203316 010 $a0-87969-395-9 035 $a0038440 035 $aUSA010038440 035 $a(ALEPH)000038440USA01 035 $a0038440 100 $a20010330d1994----km-y0itay0103----ba 101 $aeng 102 $aUS 105 $a||||||||001yy 200 1 $aApoptosis 2$ethe molecular basis of apoptosis in disease$fedited by L.David Tomei, Frederick O. Cope 210 $a[New York]$cCold spring harbor laboratory$d1994 215 $aVIII, 430 p.$d23 cm 225 2 $aCurrent communications$v8 410 0$12001$aCurrent communications 606 0 $aApoptosi 676 $a611.0181 702 1$aTOMEI,$bL. David 702 1$aCOPE,$bFrederick O. 801 0$aIT$bsalbc$gISBD 912 $a990000384400203316 951 $a611.0181 APO$b2584 farm.$c611.0181$d00071806 959 $aBK 969 $aFAR 979 $aALESSANDRA$b40$c20010330$lUSA01$h1236 979 $c20020403$lUSA01$h1646 979 $aPATRY$b90$c20040406$lUSA01$h1627 996 $aApoptosis 2$9875656 997 $aUNISA LEADER 04144nam 2200625 a 450 001 9910452566603321 005 20200520144314.0 010 $a1-68015-210-6 010 $a3-11-026924-4 024 7 $a10.1515/9783110269246 035 $a(CKB)2550000001097010 035 $a(EBL)1104230 035 $a(SSID)ssj0000916679 035 $a(PQKBManifestationID)11570837 035 $a(PQKBTitleCode)TC0000916679 035 $a(PQKBWorkID)10877950 035 $a(PQKB)11528628 035 $a(MiAaPQ)EBC1104230 035 $a(DE-B1597)173780 035 $a(OCoLC)846533257 035 $a(OCoLC)846724614 035 $a(DE-B1597)9783110269246 035 $a(Au-PeEL)EBL1104230 035 $a(CaPaEBR)ebr10728964 035 $a(CaONFJC)MIL503544 035 $a(OCoLC)851970427 035 $a(EXLCZ)992550000001097010 100 $a20130221d2013 uy 0 101 0 $aeng 135 $aur||||||||||| 181 $ctxt 182 $cc 183 $acr 200 00$aChemical photocatalysis$b[electronic resource] /$fedited by Burkhard Ko?nig 210 $aBerlin $cWalter de Gruyter GmbH & Co. KG$d2013 215 $a1 online resource (400 p.) 300 $aDescription based upon print version of record. 311 $a3-11-026916-3 311 $a1-299-72293-8 320 $aIncludes bibliographical references and index. 327 $t Frontmatter -- $tList of contributing authors -- $tContents -- $t1 Introduction / $rKönig, Burkhard / Bach, Thorsten -- $t2 Early pioneers of organic photochemistry / $rSchroll, Peter -- $t3 Photophysics of Photocatalysts / $rDick, Bernhard -- $t4 Flavin photocatalysis / $rKönig, Burkhard / Kümmel, Susanne / Cibulka, Radek -- $t5 Templated Enantioselective Photocatalysis / $rBauer, Andreas / Ruiz, Rafael Alonso -- $t6 Photocatalysis with nucleic acids and peptides / $rWagenknecht, Hans-Achim / Weinberger, Michael / Penner, Alexander -- $t7 Visible light photoredox catalysis with [Ru(bpy)3]2+: General principles and the twentieth century roots / $rTeplı, Filip -- $t8 Homogeneous visible light-mediated transition metal photoredox catalysis other than ruthenium and iridium / $rReiser, Oliver / Kachkovskyi, Georgiy / Kais, Viktor / Kohls, Paul / Paria, Suva / Pirtsch, Michael / Rackl, Daniel / Seo, Hana -- $t9 Synergistic Visible Light Photoredox Catalysis / $rZeitler, Kirsten / Neumann, Matthias -- $t10 Photoredox catalyzed ?-functionalization of amines - Visible light mediated carbon-carbon and carbon-hetero bond forming reactions / $rRüping, Magnus / Königs, Rene M. / Atodiresei, Iuliana -- $t11 Metal complexes for photohydrogenation and hydrogen evolution / $rRau, Sven / Pfeffer, Michael G. / Staehle, Robert -- $t12 Heterogeneous semiconductor photocatalysis / $rPfitzner, Arno / Dankesreiter, Stephan / Eisenhofer, Anna / Cherevatskaya, Maria -- $t13 Polyoxometalates in photocatalysis / $rStreb, Carsten / Kastner, Katharina / Tucher, Johannes -- $t14 Description of excited states in photocatalysis with theoretical methods / $rMerz, Thomas / Schütz, Martin -- $t15 Transient Absorption / $rDick, Bernhard / Kensy, Uwe / Kutta, Roger-Jan -- $t16 Time resolved spectroscopy in photocatalysis / $rRiedle, Eberhard / Wenninger, Matthias -- $tIndex 330 $aVisible light is an abundant source of energy. While the conversion of light energy into electrical energy (photovoltaics) is highly developed and commercialized, the use of visible light in chemical synthesis is far less explored. Chemical photocatalysts that mimic principles of biological photosynthesis utilize visible light to drive endothermic or kinetically hindered reactions. This work summarizes in 16 chapters the state of the art and the challenges of this emerging future technology. 606 $aPhotocatalysis 608 $aElectronic books. 615 0$aPhotocatalysis. 676 $a541/.395 686 $aVK 5600$2rvk 701 $aKo?nig$b Burkhard$01050738 801 0$bMiAaPQ 801 1$bMiAaPQ 801 2$bMiAaPQ 906 $aBOOK 912 $a9910452566603321 996 $aChemical photocatalysis$92480802 997 $aUNINA